Quizzes
Events
Quiz Creation
Community
Videos
Private Events
Remove Ads
Sign In
Join for FREE
Feedback
Dark Mode
Quiz Categories
Sports
Geography
Music
Movies
Television
Just For Fun
Miscellaneous
History
Literature
Language
Science
Gaming
Entertainment
Religion
Holiday
For Kids
Quiz Lab
Recent
Popular Today
Quiz Kudos Today
Editor Picks
Curator Picks
Quizzes by...
Day
Popularity
Type
Ratings
Length
Year
Community
Subscriptions
Recent Discussions
Orange Saloon
Badges
Playlists
Quests
Create
Leaderboards
Showdown
Live 5
Trivia Bingo
Activity
Puzzle Library
Sporcle Events
Private Events
Virtual Trivia
Globe League
Become a Host
Pub Owners
SporcleCon
Opinionation
Our Games
Videos
Blog
Mobile Apps
Partnerships
Remove Ads and Go Orange
Feedback
Sports
Athletes
MLB
NBA
NHL
NFL
Soccer
Sports Teams
WWE
NCAA
Football
Premier League
Basketball
Baseball
Hockey
Golf
Tennis
Cricket
Rugby
Auto Racing
Olympics
World Cup
Sports
Athletes
MLB
NBA
NHL
NFL
Soccer
Sports Teams
WWE
NCAA
Football
Premier League
Basketball
Baseball
Hockey
Golf
Tennis
Cricket
Rugby
Auto Racing
Olympics
World Cup
Random Quiz
Search Sporcle
×
Quiz Lab
Quiz Lab
Sports
NFL
Type in answers that appear in a list
Type in answers that appear in a list
Classic
Best Score? Go Orange.
NFL Stadiums Stats
Can you name the NFL stadiums by the team name, capacity, and field type ?
By
robhop
10m
32 Questions
131 Plays
131 Plays
131 Plays
Comments
Comments
Give Quiz Kudos
Give Quiz Kudos
-
- Ratings
hide this ad
Random Order
Randomize order of answers
Randomize order of answers
Replay
Link that replays current quiz
Next Quiz
Link to next quiz in quiz playlist
You Got
0%
They Got
Avg Score
52%
Avg Friend Score
Upgrade to see
Score Distribution
Jump to the score distribution portion of the page
Score
0/32
Timer
10:00
0
Plays Today
Team Name
NFL Stadium
% Correct
Green Bay Packers
Lambeau Field
77.1%
Detroit Lions
Ford Field
75.6%
Pittsburgh Steelers
Heinz Field
73.3%
Chicago Bears
Soldier Field
72.5%
New Orleans Saints
Louisiana Superdome
71%
Indianapolis Colts
Lucas Oil Stadium
69.5%
Kansas City Chiefs
Arrowhead Stadium
65.6%
New England Patriots
Gillette Stadium
65.6%
Tennessee Titans
Ford Field
65.6%
Denver Broncos
Invesco Field
63.4%
Atlanta Falcons
Georgia Dome
63.4%
Dallas Cowboys
Cowboys Stadium
62.6%
New York Giants
MetLife Stadium
61.8%
New York Jets
MetLife Stadium
61.8%
Philadelphia Eagles
Lincoln Financial Field
52.7%
San Francisco 49ers
Monster Park
52.7%
Team Name
NFL Stadium
% Correct
Washington Redskins
FedEx Field
51.9%
Minnesota Vikiings
Metrodome
50.4%
San Diego Chargers
Qualcomm Stadium
48.9%
Arizona Cardinals
University of Phoenix Stadium
48.1%
Cincinnati Bengals
Paul Brown Stadium
46.6%
Tampa Bay Buccaneers
Raymond James Stadium
46.6%
Houston Texans
Reliant Stadium
46.6%
Buffalo Bills
Ralph Wilson Stadium
42%
Baltimore Ravens
M&T Bank Stadium
40.5%
Miami Dolphins
Sun Life Stadium
38.2%
Carolina Panthers
Bank of America Stadium
37.4%
St. Louis Rams
Edward Jones Dome
32.1%
Seattle Seahawks
Qwest Field
31.3%
Cleveland Browns
Cleveland Browns Stadium
26%
Jacksonville Jaguars
EverBank Stadium
26%
Oakland Raiders
Overstock.com Coliseum
7.6%
Quiz Playlist
Details
Report
Send in Message
Add To Playlist
Classic:
Type in answers that appear in a list
Random Order:
Randomize order of answers
Quiz Source
Last Updated: Feb 16, 2017
Quiz Scoreboard
CHALLENGE
Sign Up to Join the Scoreboard
Show All
Scores
Hide
Comments
May contain spoilers
Recently Published
Presidents Visiting Landmarks
by Hejman
History
7m
An Introduction to Baseball
by treessimontrees
Sports
5m
Movies - When Are They Set?
by FPL_Elf
Movies
5m
More to Explore
Quiz From the Vault
Featured Blog Post
Where Did the Easter Bunny Come From?
hide this ad
You Might Also Like...
Tags
Football Quiz
NFL Quiz
field
Football Stadiums
professional
Professional Athletes
Professional Franchises
Pro Sports
team
Today's Top Quizzes in Sports
Browse Sports
hide this ad
Today's Top Quizzes in NFL
Browse NFL
Top Contributed Quizzes in Sports
1
Les meilleurs buteurs des matchs entre le PSG et l’OM
2
2022 World Cup Stars
3
FIFA Club World Cup Champions
4
Les entraîneurs de l'OM et du PSG au 21e siècle
5
Name the Premier League winners with different clubs
6
La finale Lions - Afrique du Sud 2021
7
England Test cricketers to play under Nasser Hussain
8
5-to-1: UK Sports Teams
9
Les joueurs passés par le LOSC et le RC Lens
10
Criteria MLB: Left Handed Sluggers
Explore More
Trending Topics
Kpop
Marvel
NBA
Crossword
Disney
Harry Potter
Anime
Country
Puzzle
The Office
WWE
Pokémon
Song
NFL
Soccer
hide this ad
More By:
robhop
Quiz
Plays
Rating
Category
Featured
Created
6 Most Populous Cities in Each State
152,007
4.72
Geography
Feb 5, 2014
25 Least Populous European Countries
145,714
4.60
Geography
Nov 23, 2013
Populous Countries (Asia)
104,718
4.74
Geography
Oct 23, 2013
30 Most Populous Cities In South America
55,274
4.34
Geography
Oct 22, 2013
Money Makin' Musicians (2012)
43,304
4.02
Music
Mar 11, 2013
Go to Creator's Profile
Score Distribution
Quiz Creator Spotlight
robhop
Follow
Send a Message
Quizzes Created
-
Created Quiz Play Count
-
More By This Creator
Popular Quizzes Today
1
Find the US States - No Outlines Minefield
2
Find the Countries of Europe - No Outlines Minefield
3
The Countries of the World
4
Find the US States
5
Popular People in 1961
6
US States
7
Risky Map Clicking: Biggest States A-Z
8
1-10 Letter E Words III
More Sports Quizzes
One Team Premier League Goalscorers
Published
Trending Quizzes
Risky Map Clicking: Least Populous States A-Z
1-10 Letter G Words
1-10 Letter F Words
One Thing in Common: United Kingdom
Risky Map Clicking: Next State Alphabetically
Recently Updated
Leaping Animals
pecheneg
Reality TV Shows (A-Z)
bhenderson79
Rickey Henderson's Hall of Fame Teammates
pecheneg
Champions League XIs: Arsenal
pecheneg
Quick Pick: Celebrities in WWE's Hall of Fame
aduchscher
A-Z Keypad Blitz II
pecheneg
Multiple Oscar Actors
pecheneg
Mystery Phrase Blitz: Oscar 'Best Actors'
pecheneg
F. Scott Fitzgerald Novels
LTH
Pick 3 Villains
ddd62291
Trending Topics
Disney
Anime
NBA
Crossword
Harry Potter
Marvel
Kpop
Pokémon
Puzzle
Song
WWE
NFL
Soccer
The Office
Country
Your Account Isn't Verified!
In order to create a playlist on Sporcle, you need to verify the email address you used during registration. Go to your
Sporcle Settings
to finish the process.
Report this User
Report this user for behavior that violates our
Community Guidelines
.
Details:
Send Report
Go to the Sporcle.com Mobile Site →
Comments